000 00714cam a2200205 4500
001 WB3613-22
008 000000n2000 000 0 eng u
035 _a(Sirsi) u105096
245 _aAudit help
260 _c2000
490 _aMunicipal Journal
_v24 March 2000, 4(1)
520 _aThe Audit Commission has published a paper called "An inside job? internal audit and best value" which sets out guidance for local authorities on internal control and audit in best value to 'strengthen their ability for self-assessment'.
590 _aWB
650 _aLOCAL AUTHORITIES
650 _aBEST VALUE
650 _aSELF ASSESSMENT
650 _aINTERNAL AUDITS
690 _aLOCAL GOVERNMENT
942 _n0
999 _c63035
_d63035